00865nam a2200205Ia 4500001001000000003000500010008004100015010001100056040000900067100002900076245024500105260003400350300001000384502010600394650002700500650002800527650002600555650002800581710005000609Para_6541CHAP220125s2002 xx 000 0 und d a205099 cCHAP aSerrato González, Hugo aControl químico de la roya amarilla (Puccinia striiformis f. sp. hordei West.), mancha reticulada (Helminthosporium teres Drechs.) y escaldura (Rhynchosporium secalis Oud.) en cebada en Apan, Hgo., México /c por Hugo Serrato González aChapingo, Méx. :b El autor a83 h. aTesis (Ing. Agr. Esp. en Parasitología Agrícola) -- UACh. Departamento Parasitología Agrícola aCebada x enfermedades aHelminthosporium teres  aPuccinia striiformis  aRhynchosporium secalis  aUACh. Departamento Parasitología Agrícola